[Event "Estival 1"]
[Site "Charlesbourg CAN"]
[Date "2010.07.05"]
[Round "5"]
[White "Cote, Jocelyn"]
[Black "Glode, Martin"]
[Result "1-0"]
[WhiteElo "1698"]
[BlackElo "1784"]
[PlyCount "131"]
[EventDate "2010.06.07"]
[EventType "swiss"]
[EventRounds "5"]
[EventCountry "CAN"]

1. e4 e6 2. d3 d5 3. Nd2 Nf6 4. Ngf3 dxe4 5. dxe4 Bc5 6. Bb5+ Bd7 7. Qe2 a6 8.
Bxd7+ Qxd7 9. O-O Nc6 10. Nb3 Be7 11. Rd1 Qc8 12. e5 Nd7 13. Bf4 O-O 14. Rd2
Rd8 15. Rad1 Nf8 16. Rxd8 Bxd8 17. Nc5 Be7 18. Ne4 Ng6 19. Bg3 Qe8 20. h4 Rd8
21. h5 Rxd1+ 22. Qxd1 Nf8 23. h6 Qd8 24. Qxd8 Bxd8 25. hxg7 Kxg7 26. Nc5 Na5
27. b4 Be7 28. Nd3 Nc6 29. c3 Ng6 30. Nd2 Nh4 31. Ne4 b6 32. Kf1 Nf5 33. Bf4 h5
34. g3 Kg6 35. Kg2 Nb8 36. Nf6 Ng7 37. Kf3 Nc6 38. Ke4 Bd8 39. a3 Nf5 40. Ne8
Ng7 41. Nxg7 Kxg7 42. Be3 Kh7 43. Nf4 h4 44. g4 Ne7 45. Nh3 Nd5 46. Bd2 c6 47.
c4 Nc7 48. f4 Ne8 49. f5 Kg7 50. f6+ Nxf6+ 51. exf6+ Bxf6 52. a4 Bb2 53. b5
cxb5 54. axb5 axb5 55. cxb5 Kg6 56. Be3 f5+ 57. gxf5+ exf5+ 58. Kf3 Be5 59.
Bxb6 Kf7 60. Bd8 Ke8 61. Bxh4 Kd7 62. Nf4 Bd4 63. Bf2 Bxf2 64. Kxf2 Kd6 65. b6
Kc6 66. Nd5 1-0

[Event "Estival 1"]
[Site "Charlesbourg CAN"]
[Date "2010.07.05"]
[Round "5"]
[White "Lapierre, Gaetan"]
[Black "Dube, Daniel"]
[Result "1-0"]
[WhiteElo "1861"]
[BlackElo "1849"]
[PlyCount "101"]
[EventDate "2010.06.07"]
[EventType "swiss"]
[EventRounds "5"]
[EventCountry "CAN"]

1. d4 Nf6 2. c4 c5 3. d5 Ne4 4. f3 Qa5+ 5. Nd2 Nd6 6. e4 g6 7. Kf2 Bg7 8. Nb3
Qc7 9. a4 f5 10. Bd3 fxe4 11. fxe4 O-O+ 12. Nf3 Nf7 13. Rf1 Ne5 14. Kg1 Ng4 15.
Qe2 Rxf3 16. gxf3 Ne5 17. f4 Nxd3 18. Qxd3 d6 19. Rf2 Nd7 20. Rb1 a5 21. Bd2
Nf6 22. h3 Qb6 23. Re1 Bd7 24. e5 Bf5 25. Qf3 Ne4 26. Rfe2 Nxd2 27. Rxd2 dxe5
28. fxe5 Bh6 29. Rg2 Rf8 30. Qc3 Bg7 31. Rg3 Ra8 32. Nd2 Qc7 33. Nf3 Bd7 34. b3
Rf8 35. Qe3 Rf5 36. Qc3 Rh5 37. Kg2 Bh6 38. e6 Be8 39. Rg4 Bg7 40. Qd3 Rf5 41.
Ng5 Bd4 42. Rf1 Rxf1 43. Qxf1 h5 44. Rf4 Bf6 45. Ne4 g5 46. Nxf6+ exf6 47. Rxf6
Qg7 48. d6 Bc6+ 49. Kg1 g4 50. h4 Bf3 51. e7 1-0

[Event "Estival 1"]
[Site "Charlesbourg CAN"]
[Date "2010.07.05"]
[Round "5"]
[White "Lessard, Claude"]
[Black "Fecteau, Martin"]
[Result "1-0"]
[WhiteElo "2025"]
[BlackElo "1985"]
[PlyCount "95"]
[EventDate "2010.06.07"]
[EventType "swiss"]
[EventRounds "5"]
[EventCountry "CAN"]

1. e4 c5 2. Nf3 e6 3. Nc3 Nc6 4. a3 d5 5. exd5 exd5 6. d4 c4 7. g3 Nf6 8. Bg2
Be7 9. O-O O-O 10. Ne5 Be6 11. Nxc4 dxc4 12. d5 Nxd5 13. Nxd5 Bc5 14. Be3 Bxe3
15. Nxe3 Qg5 16. Qe1 Qc5 17. Qc3 Rad8 18. Rad1 Nd4 19. Rfe1 b6 20. Kf1 a5 21.
f4 Nb5 22. Qe5 Qxe5 23. fxe5 c3 24. a4 Nd4 25. bxc3 Nf5 26. Nd5 h5 27. Be4 Kh8
28. c4 g6 29. Rb1 Rc8 30. Bd3 Rc5 31. Rxb6 Nd4 32. Kg2 Kg7 33. Kf2 Re8 34. c3
Nf5 35. Rb5 Rec8 36. Reb1 Bd7 37. Rxc5 Rxc5 38. Rb7 Bc6 39. Rc7 Rxd5 40. cxd5
Bxd5 41. Bxf5 gxf5 42. Rc5 Bb3 43. Rxa5 f6 44. Ra7+ Kg6 45. Ra6 Kg7 46. exf6+
Kf7 47. a5 Be6 48. Rxe6 1-0

[Event "Estival 2"]
[Site "Charlesbourg CAN"]
[Date "2010.07.12"]
[Round "1"]
[White "Dube, Daniel"]
[Black "Beaudoin, Stephane"]
[Result "1/2-1/2"]
[WhiteElo "1850"]
[BlackElo "2105"]
[PlyCount "160"]
[EventDate "2010.07.12"]
[EventType "swiss"]
[EventRounds "5"]
[EventCountry "CAN"]

1. c4 e5 2. Nc3 Nf6 3. g3 d5 4. cxd5 Nxd5 5. Bg2 Nb6 6. Nf3 Nc6 7. O-O Be7 8.
a3 O-O 9. b4 Be6 10. d3 f5 11. b5 Na5 12. Rb1 Bf6 13. Qc2 Rc8 14. Be3 c5 15.
Rfd1 Nd5 16. Nxd5 Bxd5 17. Nd2 Bxg2 18. Kxg2 b6 19. Nc4 Nb7 20. a4 Nd6 21. Qb3
Kh8 22. Nxd6 Qxd6 23. Qc4 g5 24. Bd2 Rce8 25. Bc3 Qe7 26. a5 Qg7 27. axb6 axb6
28. Ra1 e4 29. Bxf6 Qxf6 30. d4 f4 31. dxc5 f3+ 32. Kg1 bxc5 33. e3 Re5 34. Ra6
Qf5 35. Rh6 Qf7 36. Qc3 Qg7 37. Rhd6 Ref5 38. Qxg7+ Kxg7 39. b6 c4 40. b7 Rb5
41. Rc6 Re8 42. Rc7+ Kf6 43. Rc1 Rb8 44. R7xc4 R8xb7 45. Rxe4 Rc7 46. Rd1 Rc2
47. Re8 g4 48. Rf8+ Kg5 49. Rg8+ Kf5 50. e4+ Ke6 51. Rxg4 Rbb2 52. Rf1 Re2 53.
Rf4 Rb3 54. h4 Ke5 55. Rf7 h6 56. Re7+ Kf6 57. Re8 Kf7 58. Re5 Kg7 59. g4 Rb4
60. Kh2 Rexe4 61. Rxe4 Rxe4 62. Kg3 h5 63. g5 Rg4+ 64. Kxf3 Rxh4 65. Rg1 Kg6
66. Ke3 Rb4 67. f4 Rb3+ 68. Kd4 Rb4+ 69. Ke5 Rb5+ 70. Ke4 Rb4+ 71. Kf3 Rb3+ 72.
Kg2 Kf5 73. Rf1 Kg4 74. g6 Kf5 75. g7 Rb8 76. Kf3 Rg8 77. Rh1 Rxg7 78. Rxh5+
Kf6 79. Rb5 Rg1 80. Rb3 Kf5 1/2-1/2

[Event "Estival 2"]
[Site "Charlesbourg CAN"]
[Date "2010.07.19"]
[Round "2"]
[White "Beaudoin, Stephane"]
[Black "Hebert, Marc"]
[Result "1/2-1/2"]
[WhiteElo "2105"]
[BlackElo "1700"]
[PlyCount "93"]
[EventDate "2010.07.12"]
[EventType "swiss"]
[EventRounds "5"]
[EventCountry "CAN"]

1. e4 e5 2. Bc4 Nf6 3. d3 Bc5 4. Nf3 d6 5. O-O Bg4 6. c3 Qe7 7. Nbd2 Nc6 8. b4
Bb6 9. a4 a5 10. b5 Nd8 11. h3 Bh5 12. Qb3 O-O 13. d4 Bxf3 14. Nxf3 Nxe4 15.
Qc2 Nf6 16. dxe5 dxe5 17. Qf5 Re8 18. Bb3 Qd7 19. Qg5 Ne6 20. Qh4 Nc5 21. Bc4
Qf5 22. Ng5 Ne6 23. g4 Nxg5 24. Bxg5 Qf3 25. Rae1 Ne4 26. Be3 Qf6 27. g5 Qf5
28. Bxb6 Nd2 29. Bd5 cxb6 30. Re3 Nxf1 31. Kxf1 Qb1+ 32. Kg2 Qg6 33. Kh2 Rad8
34. Be4 f5 35. gxf6 Qh6 36. Qxh6 gxh6 37. Rg3+ Kf7 38. Rg7+ Kxf6 39. Rxh7 Kg5
40. Kg3 Rg8 41. Rxb7 Rd6 42. Bh7 Rf8 43. Be4 Rg8 44. Bh7 Rf8 45. h4+ Kf6 46.
Be4 Rf7 47. Rb8 1/2-1/2

[Event "Estival 2"]
[Site "Charlesbourg CAN"]
[Date "2010.07.26"]
[Round "3"]
[White "Cote, Jocelyn"]
[Black "Beaudoin, Stephane"]
[Result "0-1"]
[WhiteElo "1770"]
[BlackElo "2105"]
[PlyCount "50"]
[EventDate "2010.07.12"]
[EventType "swiss"]
[EventRounds "5"]
[EventCountry "CAN"]

1. e4 g6 2. d4 Bg7 3. Nf3 d6 4. Be3 Nf6 5. Nc3 O-O 6. h3 a6 7. a4 b6 8. Qd2 Bb7
9. Bd3 Nbd7 10. Bh6 e5 11. d5 Nc5 12. Bxg7 Kxg7 13. O-O c6 14. b4 Nxd3 15. Qxd3
cxd5 16. exd5 Rc8 17. Nd2 Nh5 18. g3 f5 19. b5 a5 20. Ra3 Qc7 21. Kh2 Nf6 22.
f4 e4 23. Qd4 Qc5 24. Ne2 Qxa3 25. Qxb6 Bxd5 0-1

[Event "Estival 2"]
[Site "Charlesbourg CAN"]
[Date "2010.07.26"]
[Round "3"]
[White "Perron, Jonathan"]
[Black "Hebert, Marc"]
[Result "1/2-1/2"]
[WhiteElo "1987"]
[BlackElo "1700"]
[PlyCount "50"]
[EventDate "2010.07.12"]
[EventType "swiss"]
[EventRounds "5"]
[EventCountry "CAN"]

1. e4 e6 2. d4 d5 3. Nd2 dxe4 4. Nxe4 Qd5 5. Nc3 Bb4 6. Nf3 Nf6 7. Bd2 Bxc3 8.
Bxc3 O-O 9. Be2 Nc6 10. b3 Ne4 11. Qd3 Nxc3 12. Qxc3 Qa5 13. Qxa5 Nxa5 14. O-O
b6 15. Ne5 f6 16. Bf3 Rb8 17. Nc6 Nxc6 18. Bxc6 Rd8 19. Rad1 b5 20. c3 Rb6 21.
Bf3 Rbd6 22. b4 Bd7 23. Rfe1 Bc6 24. Bxc6 Rxc6 25. Rc1 Kf7 1/2-1/2

[Event "Estival 2"]
[Site "Charlesbourg CAN"]
[Date "2010.07.26"]
[Round "3"]
[White "Poliquin, Yvon"]
[Black "Lessard, Claude"]
[Result "1-0"]
[WhiteElo "2033"]
[BlackElo "2031"]
[PlyCount "35"]
[EventDate "2010.07.12"]
[EventType "swiss"]
[EventRounds "5"]
[EventCountry "CAN"]

1. e4 c6 2. d4 d5 3. e5 Bf5 4. h4 Qb6 5. c4 Bxb1 6. Rxb1 dxc4 7. e6 fxe6 8.
Qh5+ g6 9. Qe5 Nf6 10. Qxe6 Nbd7 11. Qxc4 O-O-O 12. Be2 Bg7 13. Nf3 Nd5 14. Bd2
e5 15. Qa4 Qc7 16. Qxa7 exd4 17. Ba5 b6 18. Ba6+ 1-0

[Event "Estival 2"]
[Site "Charlesbourg CAN"]
[Date "2010.08.02"]
[Round "4"]
[White "Beaudoin, Stephane"]
[Black "Lapierre, Gaetan"]
[Result "0-1"]
[WhiteElo "2105"]
[BlackElo "1860"]
[PlyCount "82"]
[EventDate "2010.07.12"]
[EventType "swiss"]
[EventRounds "5"]
[EventCountry "CAN"]

1. e4 d6 2. Bc4 Nf6 3. d3 e5 4. Nf3 Be7 5. O-O O-O 6. c3 c6 7. Bb3 Nbd7 8. Re1
h6 9. d4 Qc7 10. Nbd2 Re8 11. Nf1 Bf8 12. Ng3 Nb6 13. Bd2 Be6 14. Bxe6 Rxe6 15.
Qb3 Rae8 16. dxe5 dxe5 17. c4 Nbd7 18. Qc2 g6 19. b4 Bg7 20. a4 Kh7 21. c5 Nf8
22. Bc3 N6d7 23. Rad1 R6e7 24. Rd2 Ne6 25. Red1 b6 26. cxb6 axb6 27. Bb2 c5 28.
h3 Nb8 29. bxc5 bxc5 30. Rd5 Nc6 31. Qc4 Ncd4 32. Nh2 Rd7 33. Ba3 Nf4 34. Rxd7
Qxd7 35. Rb1 Rb8 36. Re1 Rb3 37. Qxc5 Nd3 38. Qa5 Nxe1 39. Bc5 Rb1 40. Nhf1 Nb3
41. Qa6 Nxc5 0-1

[Event "Estival 2"]
[Site "Charlesbourg CAN"]
[Date "2010.08.02"]
[Round "4"]
[White "Boissinot, Claude"]
[Black "Glode, Martin"]
[Result "1-0"]
[WhiteElo "1550"]
[BlackElo "1850"]
[PlyCount "61"]
[EventDate "2010.07.12"]
[EventType "swiss"]
[EventRounds "5"]
[EventCountry "CAN"]

1. e4 Nf6 2. e5 Nd5 3. Bc4 Nb6 4. Bb3 c5 5. d3 Nc6 6. Nf3 d5 7. exd6 Qxd6 8.
Nc3 e5 9. O-O Be7 10. h3 O-O 11. Be3 Qg6 12. Kh1 Rd8 13. Qe2 Qh5 14. Ne4 Nd5
15. Ng3 Qg6 16. Bd2 Qd6 17. Rae1 Be6 18. Ne4 Qc7 19. Nfg5 Nd4 20. Qh5 h6 21.
Nxe6 Nxe6 22. g3 Qc6 23. Kg1 Nd4 24. Bc4 Nxc2 25. Rc1 Nd4 26. f4 b5 27. Bxd5
Rxd5 28. fxe5 f6 29. Bf4 fxe5 30. Bxe5 Rad8 31. Qf7+ 1-0

[Event "Estival 2"]
[Site "Charlesbourg CAN"]
[Date "2010.08.02"]
[Round "4"]
[White "Hebert, Marc"]
[Black "Lessard, Claude"]
[Result "0-1"]
[WhiteElo "1700"]
[BlackElo "2031"]
[PlyCount "58"]
[EventDate "2010.07.12"]
[EventType "swiss"]
[EventRounds "5"]
[EventCountry "CAN"]

1. e4 c6 2. Nc3 d5 3. Nf3 dxe4 4. Nxe4 Nf6 5. Nxf6+ gxf6 6. Bc4 Rg8 7. O-O Bg4
8. Qe2 Nd7 9. d4 Nb6 10. Bd3 Qc7 11. g3 O-O-O 12. c3 h5 13. h4 f5 14. Kh2 f6
15. Bf4 e5 16. dxe5 Bxf3 17. Qxf3 fxe5 18. Bxf5+ Kb8 19. Bg5 Rxg5 20. hxg5 h4
21. Rad1 hxg3+ 22. fxg3 Bd6 23. Be4 Nd5 24. g6 Qg7 25. Rxd5 cxd5 26. Bxd5 Rf8
27. Bf7 Rh8+ 28. Kg2 Qh6 29. Kf2 Qd2+ 0-1

[Event "Estival 2"]
[Site "Charlesbourg CAN"]
[Date "2010.08.02"]
[Round "4"]
[White "Perron, Jonathan"]
[Black "Poliquin, Yvon"]
[Result "1-0"]
[WhiteElo "1987"]
[BlackElo "2050"]
[PlyCount "67"]
[EventDate "2010.07.12"]
[EventType "swiss"]
[EventRounds "5"]
[EventCountry "CAN"]

1. e4 e5 2. Nf3 Nc6 3. Bb5 f5 4. d3 fxe4 5. dxe4 Nf6 6. Qd3 d6 7. Nc3 Bd7 8.
Bg5 Be7 9. O-O-O O-O 10. h3 Kh8 11. Bxf6 Bxf6 12. Nd5 a6 13. Bc4 b5 14. Bb3 a5
15. Nxf6 Qxf6 16. Qxb5 a4 17. Bd5 Rfb8 18. Qc4 Rb6 19. h4 Rab8 20. b3 axb3 21.
axb3 Nb4 22. Qxc7 Nxd5 23. Rxd5 R8b7 24. Qc3 Rc6 25. Qd3 Kg8 26. Rd1 Rbb6 27.
Nxe5 dxe5 28. Rxd7 h6 29. Qd5+ Kh7 30. Rf7 Qg6 31. Rf8 Re6 32. Qd8 Qh5 33. Rd7
Qg4 34. Rh8+ 1-0

[Event "Estival 2"]
[Site "Charlesbourg CAN"]
[Date "2010.08.09"]
[Round "5"]
[White "Fecteau, Martin"]
[Black "Beaudoin, Stephane"]
[Result "0-1"]
[WhiteElo "1955"]
[BlackElo "2055"]
[PlyCount "82"]
[EventDate "2010.07.12"]
[EventType "swiss"]
[EventRounds "5"]
[EventCountry "CAN"]

1. e4 g6 2. d4 Bg7 3. f4 d6 4. c3 Nf6 5. Bd3 O-O 6. Nf3 c5 7. O-O cxd4 8. cxd4
Qb6 9. Kh1 Bg4 10. Nbd2 Nc6 11. Nc4 Qd8 12. Be3 d5 13. Ncd2 dxe4 14. Nxe4 Nd5
15. Bg1 Nxf4 16. h3 Bxf3 17. Rxf3 Nxd3 18. Rxd3 Nb4 19. Rd2 Nd5 20. Qb3 b6 21.
Rc2 e6 22. Nd2 Ne7 23. Nf3 Qd5 24. Qb4 Nf5 25. Bf2 Rfd8 26. Rd2 Rac8 27. Qa4
Rc7 28. Rad1 Rdc8 29. a3 Bh6 30. Re2 Bf4 31. Kg1 a5 32. Ne5 Ng3 33. Bxg3 Bxg3
34. Ng4 Kg7 35. Ne3 Qh5 36. Kf1 Rc1 37. d5 exd5 38. Qd4+ Qe5 39. Qd3 Qf4+ 40.
Kg1 d4 41. Nf1 Rxd1 0-1

[Event "Estival 2"]
[Site "Charlesbourg CAN"]
[Date "2010.08.09"]
[Round "5"]
[White "Lapierre, Gaetan"]
[Black "Poliquin, Yvon"]
[Result "1-0"]
[WhiteElo "1860"]
[BlackElo "2035"]
[PlyCount "89"]
[EventDate "2010.07.12"]
[EventType "swiss"]
[EventRounds "5"]
[EventCountry "CAN"]

1. e4 e5 2. Nf3 Nc6 3. Bb5 f5 4. Nc3 fxe4 5. Nxe4 d5 6. Nxe5 dxe4 7. Nxc6 bxc6
8. Bxc6+ Bd7 9. Qh5+ Ke7 10. Qe5+ Be6 11. Bxa8 Qxa8 12. Qxc7+ Ke8 13. O-O Nf6
14. d3 exd3 15. cxd3 Be7 16. Be3 a6 17. Rac1 Bd7 18. Bd4 Qd5 19. Qb8+ Kf7 20.
Qxh8 Qxd4 21. Qa8 Bb5 22. Qf3 Qxb2 23. Rfe1 Bd6 24. g4 g5 25. h4 h6 26. hxg5
hxg5 27. Qf5 Bd7 28. Qxg5 Qb4 29. f3 Bf4 30. Qc5 Qd2 31. Re7+ Kg6 32. Rc2 Qd1+
33. Kg2 Bxg4 34. fxg4 Qxg4+ 35. Kf1 Qd1+ 36. Re1 Qxd3+ 37. Rce2 Kf7 38. Qc2
Qh3+ 39. Rg2 Qh1+ 40. Rg1 Qh3+ 41. Qg2 Qd3+ 42. Qe2 Qh3+ 43. Rg2 Qd7 44. Qc4+
Kf8 45. Qxf4 1-0

[Event "Fall Sectional"]
[Site "Edmonton CAN"]
[Date "2010.10.22"]
[Round "1"]
[White "MacLeod, Damon"]
[Black "Gardner, Robert"]
[Result "0-1"]
[WhiteElo "1988"]
[BlackElo "2306"]
[PlyCount "50"]
[EventDate "2010.10.22"]
[EventType "tourn"]
[EventRounds "5"]
[EventCountry "CAN"]

1. e4 g6 2. d4 Bg7 3. Be3 d6 4. Nc3 a6 5. Qd2 b5 6. Bd3 Nc6 7. Nge2 e5 8. d5
Nce7 9. O-O f5 10. f4 Nf6 11. fxe5 dxe5 12. Bc5 f4 13. b4 O-O 14. Nc1 g5 15.
Nb3 Ng4 16. Be2 Rf6 17. d6 cxd6 18. Nd5 Nxd5 19. Qxd5+ Be6 20. Qxd6 Qxd6 21.
Bxd6 Ne3 22. Bxe5 Rg6 23. Bxg7 Nxf1 24. Kxf1 Kxg7 25. Nc5 a5 0-1

[Event "Fall Sectional"]
[Site "Edmonton CAN"]
[Date "2010.10.23"]
[Round "2"]
[White "MacKinnon, Keith"]
[Black "Belsar, Valencia"]
[Result "1/2-1/2"]
[WhiteElo "2337"]
[BlackElo "2250"]
[PlyCount "26"]
[EventDate "2010.10.22"]
[EventType "tourn"]
[EventRounds "5"]
[EventCountry "CAN"]

1. e4 c5 2. Nf3 d6 3. d4 cxd4 4. Nxd4 Nf6 5. Nc3 Nc6 6. Bg5 e6 7. Qd2 a6 8.
O-O-O h6 9. Nxc6 bxc6 10. Bf4 d5 11. Bd3 Be7 12. h3 Qa5 13. Kb1 d4 1/2-1/2

[Event "Fall Sectional"]
[Site "Edmonton CAN"]
[Date "2010.10.23"]
[Round "2"]
[White "Newton, Geoff"]
[Black "Razzaq, Ali"]
[Result "0-1"]
[WhiteElo "2074"]
[BlackElo "1989"]
[PlyCount "71"]
[EventDate "2010.10.22"]
[EventType "tourn"]
[EventRounds "5"]
[EventCountry "CAN"]

1. d4 Nf6 2. c4 e6 3. Nc3 Bb4 4. e3 O-O 5. Bd3 d5 6. Nf3 dxc4 7. Bxc4 c5 8. O-O
cxd4 9. exd4 Qc7 10. Qe2 Bxc3 11. bxc3 Nbd7 12. Bd2 Nb6 13. Bd3 Nbd5 14. Qe5
Qxe5 15. Nxe5 b6 16. c4 Ne7 17. Bb4 Re8 18. Bd6 Bb7 19. c5 Nc6 20. Bb5 Rec8 21.
Nxc6 Bxc6 22. Ba6 Rd8 23. Rfd1 Ne4 24. Be2 Bd5 25. Rdc1 g6 26. Bf3 Nf6 27. Rab1
a5 28. h3 g5 29. Rb5 a4 30. Ra5 a3 31. Ra6 e5 32. Ra5 Ra7 33. Rxa3 h5 34. Rxa7
h4 35. Ra4 Ra8 36. Rd1 0-1

[Event "Fall Sectional"]
[Site "Edmonton CAN"]
[Date "2010.10.23"]
[Round "3"]
[White "Belsar, Valencia"]
[Black "MacLeod, Damon"]
[Result "1-0"]
[WhiteElo "2250"]
[BlackElo "1988"]
[PlyCount "53"]
[EventDate "2010.10.22"]
[EventType "tourn"]
[EventRounds "5"]
[EventCountry "CAN"]

1. c4 e6 2. Nf3 Nf6 3. Nc3 d5 4. d4 c6 5. e3 Nbd7 6. Qc2 Bd6 7. Be2 dxc4 8. a4
O-O 9. O-O e5 10. Bxc4 Re8 11. Ng5 Re7 12. Qb3 Qe8 13. Bd2 Nb6 14. Nce4 Nxe4
15. Nxe4 Nxc4 16. Qxc4 Be6 17. Qc2 Bf5 18. Nf6+ gxf6 19. Qxf5 Re6 20. Bc3 Qf8
21. Rad1 Qg7 22. d5 cxd5 23. Rxd5 Kf8 24. Rxd6 Rxd6 25. Bb4 Rad8 26. Rd1 Ke7
27. Rxd6 1-0

[Event "Fall Sectional"]
[Site "Edmonton CAN"]
[Date "2010.10.24"]
[Round "4"]
[White "Gardner, Robert"]
[Black "MacKinnon, Keith"]
[Result "1/2-1/2"]
[WhiteElo "2306"]
[BlackElo "2337"]
[PlyCount "30"]
[EventDate "2010.10.22"]
[EventType "tourn"]
[EventRounds "5"]
[EventCountry "CAN"]

1. d4 Nf6 2. c4 e6 3. Nc3 Bb4 4. f3 d5 5. a3 Bxc3+ 6. bxc3 c5 7. cxd5 Nxd5 8.
dxc5 f5 9. Nh3 Qa5 10. Qd4 O-O 11. Bd2 Nc6 12. Qc4 Ne5 13. Qd4 Nc6 14. Qc4 Ne5
15. Qd4 Nc6 1/2-1/2

[Event "Fall Sectional"]
[Site "Edmonton CAN"]
[Date "2010.10.24"]
[Round "4"]
[White "Rekhson, Vladislav"]
[Black "Razzaq, Ali"]
[Result "1/2-1/2"]
[WhiteElo "2098"]
[BlackElo "1989"]
[PlyCount "29"]
[EventDate "2010.10.22"]
[EventType "tourn"]
[EventRounds "5"]
[EventCountry "CAN"]

1. e4 c6 2. d4 d5 3. e5 c5 4. dxc5 e6 5. Nf3 Bxc5 6. Bd3 Ne7 7. O-O Nbc6 8. Bf4
Ng6 9. Bg3 Bd7 10. c3 Be7 11. b4 Rc8 12. Qe2 Qc7 13. h4 f6 14. h5 Ngxe5 15. b5
1/2-1/2

[Event "Fall Sectional"]
[Site "Edmonton CAN"]
[Date "2010.10.24"]
[Round "5"]
[White "Belsar, Valencia"]
[Black "Gardner, Robert"]
[Result "1/2-1/2"]
[WhiteElo "2250"]
[BlackElo "2306"]
[PlyCount "93"]
[EventDate "2010.10.22"]
[EventType "tourn"]
[EventRounds "5"]
[EventCountry "CAN"]

1. c4 b6 2. d4 Bb7 3. Nc3 e6 4. a3 f5 5. Nf3 Nf6 6. g3 Be7 7. Bg2 O-O 8. O-O
Ne4 9. Bd2 Bf6 10. Rc1 d6 11. d5 Nxd2 12. Nxd2 e5 13. e4 f4 14. Bh3 Bc8 15.
Bxc8 Qxc8 16. Kg2 g6 17. Rc2 Nd7 18. b4 a5 19. Nb5 Kg7 20. h4 Be7 21. Qg4 h5
22. Qh3 Qd8 23. Nf3 Rf7 24. Re1 axb4 25. axb4 Ra4 26. Rb2 Nb8 27. g4 Na6 28.
Reb1 Qc8 29. gxh5 Qxh3+ 30. Kxh3 gxh5 31. Nc3 Ra3 32. Rb3 Rxb3 33. Rxb3 Kh6 34.
Na2 Rg7 35. Ra3 Nb8 36. Ra8 Nd7 37. Rh8+ Kg6 38. Rc8 Kh6 39. Nc3 Nf6 40. Ng5
Ng4 41. Rh8+ Kg6 42. Ne6 Rh7 43. Rxh7 Kxh7 44. Nd1 Nf6 45. f3 Ne8 46. Nc3 Kg6
47. Nb5 1/2-1/2

[Event "Fall Sectional"]
[Site "Edmonton CAN"]
[Date "2010.10.24"]
[Round "5"]
[White "MacKinnon, Keith"]
[Black "MacLeod, Damon"]
[Result "1-0"]
[WhiteElo "2337"]
[BlackElo "1988"]
[PlyCount "55"]
[EventDate "2010.10.22"]
[EventType "tourn"]
[EventRounds "5"]
[EventCountry "CAN"]

1. e4 c5 2. Nf3 d6 3. d4 cxd4 4. Nxd4 Nf6 5. Nc3 a6 6. Be3 Nc6 7. Be2 Bd7 8.
O-O e5 9. Nf3 Be7 10. Nd5 Nxd5 11. exd5 Na7 12. c4 b6 13. Qb3 Rb8 14. a4 Nc8
15. c5 dxc5 16. Nxe5 Nd6 17. Nxd7 Qxd7 18. Bxc5 O-O 19. Bd4 b5 20. Rfd1 Rfe8
21. Qc2 Rbc8 22. Qd3 Bf8 23. axb5 axb5 24. h3 Rc7 25. Ra6 Rb8 26. Be5 b4 27.
Qg3 Rd8 28. Rxd6 1-0

[Event "Fall Sectional"]
[Site "Edmonton CAN"]
[Date "2010.10.24"]
[Round "5"]
[White "Regimbald, Adrien"]
[Black "Rekhson, Vladislav"]
[Result "0-1"]
[WhiteElo "1954"]
[BlackElo "2098"]
[PlyCount "84"]
[EventDate "2010.10.22"]
[EventType "tourn"]
[EventRounds "5"]
[EventCountry "CAN"]

1. c4 e5 2. g3 f5 3. Bg2 Nf6 4. Nc3 Nc6 5. e3 d6 6. Nge2 g6 7. O-O Bg7 8. b3
Bd7 9. Bb2 Qe7 10. d3 O-O 11. Qc2 Rae8 12. a3 g5 13. b4 Nd8 14. Rad1 Nh5 15.
Qb3 c6 16. d4 e4 17. d5 f4 18. exf4 gxf4 19. Nxf4 Rxf4 20. gxf4 Nxf4 21. Nxe4
Nxg2 22. Qg3 Nf4 23. Qxg7+ Qxg7+ 24. Bxg7 Rxe4 25. Bf6 Nf7 26. Rfe1 Ne2+ 27.
Kg2 Ne5 28. f3 Nf4+ 29. Kh1 Rxe1+ 30. Rxe1 Nxf3 31. Rf1 Bh3 32. Rf2 Kf7 33. Bh4
Bg2+ 34. Rxg2 Nxg2 35. Bg3 Ne3 36. dxc6 bxc6 37. b5 Nxc4 38. bxc6 Ke8 39. Kg2
Nfe5 40. Bf2 Nxc6 41. Kf3 Kf7 42. Ke4 Ke6 0-1

[Event "February TNT"]
[Site "Winnipeg CAN"]
[Date "2010.02.02"]
[Round "1"]
[White "Campbell, Gordon"]
[Black "Green, Arnold"]
[Result "0-1"]
[WhiteElo "1630"]
[BlackElo "1913"]
[PlyCount "66"]
[EventDate "2010.02.02"]
[EventType "swiss"]
[EventRounds "4"]
[EventCountry "CAN"]

1. d4 Nf6 2. c4 g6 3. Nc3 Bg7 4. e4 d6 5. Be2 O-O 6. Nf3 e5 7. Rf1 Nc6 8. d5
Ne7 9. Nd2 Nd7 10. f3 f5 11. exf5 gxf5 12. Nb3 Ng6 13. Be3 b6 14. a4 a5 15. Qd2
Rf7 16. g3 f4 17. Bf2 h5 18. Bd3 Ndf8 19. Qc2 Qg5 20. Ne4 Qh6 21. h4 fxg3 22.
Bxg3 Qe3+ 23. Qe2 Qxe2+ 24. Bxe2 Nf4 25. Ng5 Re7 26. Nd2 Nh7 27. Nxh7 Kxh7 28.
Ne4 Bf5 29. Kf2 Rf8 30. Bxf4 exf4 31. Ng5+ Kh6 32. Rad1 Bxb2 33. Bd3 Bd4+ 0-1

[Event "February TNT"]
[Site "Winnipeg CAN"]
[Date "2010.02.02"]
[Round "1"]
[White "Einarsson, Kristinn"]
[Black "Van Wyk, Wessel"]
[Result "0-1"]
[WhiteElo "1752"]
[BlackElo "2061"]
[PlyCount "51"]
[EventDate "2010.02.02"]
[EventType "swiss"]
[EventRounds "4"]
[EventCountry "CAN"]

1. d4 d5 2. c4 e6 3. Nc3 c5 4. e3 Nf6 5. Nf3 Nc6 6. Be2 a6 7. O-O dxc4 8. dxc5
Qc7 9. Na4 Bd7 10. Bxc4 Na5 11. Bb3 Rd8 12. Qc2 Ng4 13. h3 h5 14. e4 Bc6 15. g3
Ne5 16. Nxe5 Qxe5 17. Bf4 Qf6 18. Rad1 Rxd1 19. Rxd1 Nxb3 20. axb3 e5 21. Be3
Qe6 22. h4 Be7 23. Nb6 Qg4 24. Nd5 Bxh4 25. Nc7+ Kf8 26. Qd2 0-1

[Event "February TNT"]
[Site "Winnipeg CAN"]
[Date "2010.02.02"]
[Round "1"]
[White "Letarte-Lavoie, Francis"]
[Black "Joventino, R."]
[Result "1/2-1/2"]
[WhiteElo "1595"]
[BlackElo "1849"]
[PlyCount "81"]
[EventDate "2010.02.02"]
[EventType "swiss"]
[EventRounds "4"]
[EventCountry "CAN"]

1. d4 Nf6 2. c4 g6 3. Nc3 Bg7 4. e4 d6 5. f4 O-O 6. Nf3 c5 7. d5 Nh5 8. Qb3 e6
9. Be2 exd5 10. cxd5 a6 11. a4 Nd7 12. O-O Re8 13. Nd2 Nhf6 14. Bf3 Rb8 15. Nc4
Qc7 16. Qc2 b5 17. axb5 axb5 18. Nd2 Qb6 19. b3 Bb7 20. Bb2 Ra8 21. Kh1 Nf8 22.
Qd3 Ba6 23. Rfe1 N6d7 24. Qc2 Reb8 25. Ne2 f6 26. Ng3 Rc8 27. f5 Ne5 28. Bxe5
fxe5 29. fxg6 hxg6 30. Bg4 Re8 31. Nf3 Bh6 32. h4 b4 33. h5 Bf4 34. Qf2 g5 35.
Nf5 Nh7 36. g3 Nf6 37. gxf4 Bd3 38. Nxg5 Ra3 39. Nh6+ Kg7 40. Nf5+ Kg8 41. Nh6+
1/2-1/2

[Event "February TNT"]
[Site "Winnipeg CAN"]
[Date "2010.02.02"]
[Round "1"]
[White "Lipinska, Malgorzata"]
[Black "Kernighan, Mark"]
[Result "0-1"]
[WhiteElo "1825"]
[BlackElo "2003"]
[PlyCount "60"]
[EventDate "2010.02.02"]
[EventType "swiss"]
[EventRounds "4"]
[EventCountry "CAN"]

1. e4 e6 2. d3 d5 3. Nd2 Nf6 4. Ngf3 Be7 5. g3 dxe4 6. dxe4 b6 7. Bg2 Ba6 8. c4
Bb7 9. Qe2 Nc6 10. O-O O-O 11. Rd1 Qe8 12. e5 Nd7 13. Nf1 Nc5 14. Bf4 Rd8 15.
h4 Rxd1 16. Rxd1 Qc8 17. N1h2 Rd8 18. Re1 Qd7 19. Ng5 h6 20. Ne4 Nd4 21. Qh5
Nxe4 22. Bxe4 Bxe4 23. Rxe4 Qc6 24. f3 Qxc4 25. Bxh6 gxh6 26. Ng4 Qc1+ 27. Kg2
Nf5 28. Nxh6+ Nxh6 29. Rf4 Rd2+ 30. Kh3 Qh1# 0-1